000 00372nam a22001457a 4500
005 20251106063329.0
008 251106b |||||||| |||| 00| 0 eng d
040 _a
_c
100 _a RAHMAN AJANUR
_91022
245 _aCHITRAKALA ( ANKAN ARU BYAKARAN )
250 _a1ST
260 _aSIVASAGAR
_bMISS NASIMA BEGUM
_cOCTOBER 1998
300 _a200:P
942 _2ddc
_cBK
999 _c32089
_d32089